[Event "19th Rochefort Open 2020"]
[Site "Rochefort"]
[Date "2020.02.23"]
[Round "3.3"]
[White "Burmakin, Vladimir"]
[Black "Ivanov, Mikhail M"]
[Result "1-0"]
[WhiteElo "2514"]
[BlackElo "2353"]
[Annotator "TA"]
[PlyCount "93"]
[EventDate "2020.02.22"]
[EventType "swiss"]
[EventCountry "FRA"]
[SourceTitle "playchess.com"]
[Source "ChessBase"]
[SourceQuality "1"]

{[%evp 9,93,24,16,10,20,12,17,2,8,0,20,0,14,14,44,18,79,14,24,3,14,13,17,4,10,-12,37,25,39,36,43,25,48,54,69,39,76,77,96,81,95,103,108,101,124,102,117,123,131,120,132,109,129,139,138,141,183,97,108,107,108,108,99,106,212,206,214,199,383,382,367,328,473,245,2332,2181,2001,2020,29992,1806,1270,568,542,518,499,490]} 1. Nf3 d5 2. g3 Bg4 3. Bg2 Nd7 4. h3 Bh5 5. c4 e6 {[#]} 6. Qb3 $146 {A07: Réti Opening: New York and Capablanca Systems.} ({Predecessor:} 6. d4 c6 7. cxd5 exd5 8. O-O Bd6 9. Nc3 Ngf6 10. Nh4 Bg6 11. Bg5 Be7 12. Nxg6 hxg6 {½-½ (35) Grachev,B (2645)-Sjugirov,S (2650) Sochi 2017}) 6... Nc5 7. Qc2 c6 8. d3 {The position is equal.} Nf6 9. O-O a5 10. Be3 Ncd7 11. cxd5 exd5 12. Qb3 Qc8 {[#]} (12... Bc5 $11) 13. Nc3 (13. Nh4 $1 $16) 13... Bxf3 14. Bxf3 Bd6 15. Rac1 {[%cal Rc3d5]} Qb8 16. Bd4 O-O 17. e4 {[%cal Re4d5]} Be5 18. Bxe5 Nxe5 19. Be2 {[%cal Re4d5]} dxe4 20. dxe4 Qa7 21. Kg2 a4 22. Qc2 (22. Qb4 {is more complex.} a3 23. f4 axb2 24. Rc2 Ng6 25. Rxb2 Rfd8 26. e5) 22... Ned7 23. f4 Nb6 24. Rfd1 Rfe8 25. Rd2 Re7 26. Rcd1 Rae8 27. Rd8 Qa5 28. R1d4 g6 29. Rxe8+ Rxe8 30. Bf3 ({Much weaker is} 30. Nxa4 $6 Nxe4 31. Bf3 (31. Rxe4 Rxe4 32. Qxe4 Nxa4 $11) (31. Nxb6 Nxg3 {[%mdl 64] Decoy} 32. Kxg3 Qe1+ {[%mdl 64] Double Attack} 33. Kf3 Qh1+ {[%mdl 64] Double Attack} 34. Kf2 Qh2+ 35. Kf1 Qh1+ 36. Kf2 Qh2+ 37. Kf1 Qh1+ 38. Kf2 $11) 31... Nxa4 $11) 30... a3 31. b4 Qa7 32. Qd3 Na4 33. e5 (33. Nxa4 $18 Qxa4 34. Qc4) 33... Nxc3 $16 34. Qxc3 Nd5 35. Bxd5 cxd5 36. Rxd5 {[%mdl 4096] Endgame KQR-KQR} b6 (36... b5 $16) 37. Qc6 $18 Qb8 38. Rd7 {And now Qf6 would win.} Qc8 $2 (38... Qa8 39. Qxa8 Rxa8) 39. b5 Qa8 40. Kf3 {e6! is the strong threat.} Qa5 (40... Qa4 {might work better.} 41. Rd5 Rf8) 41. Qc4 (41. Rc7 $142 Qa8 42. Kf2) 41... Re6 $2 (41... Qa8+ 42. Kf2 Re6) 42. Rd8+ Kg7 43. Qc8 {White wants to mate with Rg8+.} Kh6 {[#]} 44. Rg8 (44. Rh8 $142 $1 Re8 45. Qxe8 Qc3+ 46. Kg4 f5+ 47. Kh4 Qb4 48. Qd8 Qc5 49. Rg8 Qe7+ 50. Qxe7 g5+ 51. fxg5#) 44... Qb4 {White is clearly winning.} 45. Qf8+ (45. g4 $142 f5 46. Qf8+ (46. Qxe6 Qe4+ 47. Kf2 Qc2+ 48. Ke1 Qc1+ 49. Kf2 Qd2+ 50. Kg3 Qe3+ 51. Kh2 Qd2+ 52. Kh1 Qc1+ 53. Kh2 Qd2+ 54. Kg1 Qe1+ 55. Kh2 Qf2+ {[%mdl 64] Double Attack} 56. Kh1 Qf1+ 57. Kh2 Qxf4+ 58. Kh1 Qe4+ 59. Kh2 Qf4+ 60. Kh1 Qe4+ 61. Kh2 Qf4+ $11) 46... Qxf8 47. g5+ Kh5 48. Rxf8) 45... Qxf8 46. Rxf8 Re7 47. Ra8 {Accuracy: White = 68%, Black = 60%.} 1-0

[Event "19th Rochefort Open 2020"]
[Site "Rochefort"]
[Date "2020.02.23"]
[Round "3.5"]
[White "Bogdanov, Egor"]
[Black "Le Goff, Ronan"]
[Result "1/2-1/2"]
[WhiteElo "2433"]
[BlackElo "2281"]
[Annotator "TA"]
[PlyCount "108"]
[EventDate "2020.02.22"]
[EventType "swiss"]
[EventCountry "FRA"]
[SourceTitle "playchess.com"]
[Source "ChessBase"]
[SourceQuality "1"]

{[%evp 11,108,-6,-1,-17,0,0,0,0,-6,-8,11,4,21,3,13,11,8,4,16,16,74,75,79,75,89,78,77,47,56,60,54,50,69,71,71,33,43,43,43,38,39,39,39,34,29,1,1,0,0,0,0,0,8,0,0,0,0,0,0,0,0,0,8,8,8,0,0,0,0,0,0,0,0,0,0,0,0,0,0,0,0,0,8,8,8,8,8,8,8,8,8,8,8,0,0,0,0,0,0]} 1. e4 e5 2. d4 exd4 3. Nf3 Nc6 4. c3 Nf6 5. e5 Nd5 6. cxd4 Bb4+ $1 {6...Bb4+ scores better than 6...d6.} 7. Nbd2 {C44: Ponziani Opening and Scotch Gambit.} d6 8. Bb5 Nde7 9. O-O dxe5 10. dxe5 {[#]} Bxd2 $146 ({Predecessor:} 10... O-O 11. h3 a6 12. Ba4 Bf5 13. a3 Bc5 14. Re1 h6 15. Bc2 Ba7 16. Be4 Bxe4 17. Rxe4 Qd3 18. b4 Nd4 19. Ne1 Qb5 20. Ndf3 Ne6 21. Qc2 Rad8 {½-½ (21) Zhou,Y (2432)-Erdos,V (2610) Daventry 2019}) 11. Bxd2 Bg4 12. Bg5 {And now Bxc6+ would win.} Qxd1 13. Rfxd1 a6 $132 {[%mdl 2048] Black has counterplay} 14. Ba4 O-O 15. Rac1 Rac8 {[#]} (15... Ng6 $11 {keeps the balance.}) 16. h3 $1 $16 {[%cal Rh3g4]} Bxf3 17. gxf3 Ng6 18. Bxc6 bxc6 19. Rxc6 Nxe5 20. Rc3 $1 f6 21. Bf4 Rf7 22. Bxe5 fxe5 $14 {[%mdl 4096] Endgame KRR-KRR} 23. Rd5 Rb8 24. b3 Rbf8 25. Rxe5 Rxf3 26. Rxf3 Rxf3 {KR-KR} 27. Kg2 Rc3 28. Re6 a5 $1 {The position is equal.} 29. Re5 a4 $1 30. bxa4 Ra3 31. a5 Rxa2 32. Rc5 Ra3 33. h4 c6 34. h5 Kf7 35. f3 Ke7 36. Kg3 g6 37. hxg6 hxg6 38. Kf4 Kd6 39. Rg5 Ke7 40. Kg4 Kf6 41. f4 Kf7 42. Rc5 Ra1 43. Kf3 Ra4 44. Ke3 Ke7 45. Rxc6 Ra3+ 46. Ke4 Ra4+ 47. Kf3 {aiming for a6.} Rxa5 48. Rxg6 Kf7 49. Rb6 Rc5 50. Kg4 Ra5 51. Rb4 Kf6 52. f5 Ra1 53. Rb6+ Kf7 54. Kg5 Rg1+ {Accuracy: White = 93%, Black = 97%.} 1/2-1/2

[Event "19th Rochefort Open 2020"]
[Site "Rochefort"]
[Date "2020.02.24"]
[Round "4.1"]
[White "Gareyev, Timur"]
[Black "Burmakin, Vladimir"]
[Result "1-0"]
[WhiteElo "2607"]
[BlackElo "2514"]
[Annotator "TA"]
[PlyCount "127"]
[EventDate "2020.02.22"]
[EventType "swiss"]
[EventCountry "FRA"]
[SourceTitle "playchess.com"]
[Source "ChessBase"]
[SourceQuality "1"]

{[%evp 9,127,30,26,19,19,19,27,22,25,20,41,41,47,43,93,-35,102,108,79,100,95,43,138,162,133,91,105,138,137,144,404,295,282,285,258,282,252,152,152,152,152,111,91,107,102,99,100,89,85,85,89,92,118,132,131,124,111,131,162,168,189,202,198,182,188,204,184,171,150,137,276,302,284,287,409,403,415,415,427,425,416,402,458,447,447,456,457,456,531,377,431,424,432,412,531,508,550,530,479,0,533,525,668,498,496,0,654,633,594,493,905,894,856,829,821,690,6133,6318,5724,5640]} 1. d4 Nf6 2. c4 c6 3. Bf4 Qb6 4. Qd2 d5 5. Nc3 Bf5 6. f3 {A50: Queen's Fianchetto Defence (1 d4 Nf6 2 c4 b6).} e6 7. g4 Bg6 8. h4 {Hoping for h5.White has an edge.} h6 9. e3 Nbd7 10. c5 Qd8 {[#]} 11. Nh3 $5 $146 {[%mdl 8] White has the initiative. An interesting novelty.} ({Predecessor:} 11. b4 Be7 12. Bg3 O-O 13. Nh3 a5 14. b5 e5 15. Be2 Ne8 16. g5 hxg5 17. hxg5 {½-½ (46) So,W (2776)-Krishna,C (2445) Douglas 2018}) 11... Ng8 12. O-O-O (12. Bg3 $16) 12... Qa5 (12... b6 $1 $15 {stays ahead.}) 13. h5 $16 Bh7 14. g5 O-O-O 15. Bh2 (15. Qh2 $16) 15... Bf5 (15... e5 $1 $14) 16. g6 $1 {[%cal Rg6f7]} fxg6 17. Nf4 {Threatens to win with e4.} g5 18. Ng6 Bxg6 19. hxg6 b6 $2 {[%mdl 8192] [#]} (19... Re8 $16) 20. Nxd5 $1 {[%mdl 512] White threatens Qxa5 and mate.} Qxd2+ (20... cxd5 21. Qxa5) 21. Rxd2 {[%cal Rf1a6]} Nxc5 {[#]} 22. Nc7 $1 (22. dxc5 exd5 23. cxb6 axb6 $11) 22... Bd6 23. Bxd6 {[%mdl 64] Overworked Piece} Rxd6 24. Ne8 {[%mdl 64] Double Attack} ({Not} 24. dxc5 Rxd2 25. Kxd2 Kxc7 $17) 24... Nb7 25. Nxd6+ Nxd6 26. Bh3 Kd7 27. e4 Ne7 28. d5 cxd5 29. exd5 Nxg6 30. Rc2 Nf4 31. dxe6+ Ke7 32. Rc7+ {[%mdl 64] Double Attack} Kf6 33. Rd7 Nxh3 34. Rxd6 {[%mdl 4096] Endgame KRR-KRN} ({Don't do} 34. Rxh3 $6 Rc8+ 35. Kd1 Nf5 $14) 34... Nf4 {[#]} 35. Re1 $1 Re8 36. e7+ $1 Kf7 37. Rd7 a5 38. Re5 Ng6 39. Rb5 Nxe7 (39... Nh4 $16 {was called for.} 40. Rd3 (40. Rxb6 Nxf3 41. Rd5 g6 $16) 40... Rxe7) 40. Rxb6 $18 h5 41. Kd2 h4 (41... Rh8 $142 42. Rb5 Kf6 43. Rd6+ Kf7) 42. Ke2 Rc8 43. Rbb7 Re8 44. Kf2 Ke6 45. Rd4 Ng6 46. Rb5 Rc8 47. Rxg5 Rc2+ 48. Kg1 Kf6 49. Rg2 Rc1+ 50. Kh2 {And now Rd6+ would win.} Ke5 51. Ra4 Nf4 52. Rxa5+ Kf6 53. Ra6+ Kf5 54. Ra5+ Kf6 55. Rd2 g5 56. Ra6+ Kf5 57. Ra5+ Kf6 58. Rb5 {White is clearly winning.} Rf1 59. Rb3 Ng6 (59... Ra1 $142 60. Rb6+ Ke7) 60. Kg2 Re1 61. Rb6+ Kf5 62. Rb5+ Kf6 63. Rd6+ Kf7 64. Rf5+ {Accuracy: White = 79%, Black = 60%.} 1-0

[Event "19th Rochefort Open 2020"]
[Site "Rochefort"]
[Date "2020.02.24"]
[Round "4.2"]
[White "Duboue, Peio"]
[Black "Van den Doel, Erik"]
[Result "0-1"]
[WhiteElo "2421"]
[BlackElo "2583"]
[Annotator "TA"]
[PlyCount "84"]
[EventDate "2020.02.22"]
[EventType "swiss"]
[EventCountry "FRA"]
[SourceTitle "playchess.com"]
[Source "ChessBase"]
[SourceQuality "1"]

{[%evp 10,84,29,14,46,14,27,29,26,35,38,26,116,-44,-37,-43,-43,-55,-51,-34,0,0,0,0,58,62,72,64,60,0,0,0,0,0,0,0,-23,-24,0,0,76,65,66,-144,-136,-123,-129,-120,-112,-112,-104,-261,-271,-250,-253,-539,-526,-529,-520,-568,-572,-549,-569,-564,-564,-557,-549,-523,-508,-531,-494,-702,-687,-1704,-1657,-29975,-29976]} 1. e4 e6 2. d4 d5 3. Nc3 Bb4 4. exd5 exd5 5. Bd3 c6 6. Nf3 Bg4 {C01: French: Exchange Variation.} 7. h3 Bh5 8. O-O Ne7 {White has an edge.} 9. Re1 Nd7 10. Bf4 Nf8 {[#]} (10... Nf6 $11) 11. Bf1 $146 (11. Nb5 $16 {Nc7+ is the strong threat.} cxb5 12. Bxb5+ Nd7 13. c3) ({Predecessor:} 11. a3 Bxc3 12. bxc3 Ne6 13. Bg3 O-O 14. Rb1 Bxf3 15. Qxf3 Qd7 16. h4 Rae8 17. Re2 {1-0 (30) Kovchan,A (2563)-Gorovets,A (2422) Kiev 2011}) 11... Ne6 $15 12. Be5 O-O 13. g4 Bg6 14. Bg3 Be4 15. Nd2 f5 16. f3 Nxd4 (16... Bd6 $11 17. Bh4 g5) 17. fxe4 $14 fxe4 {Threatening ...Bd6.} 18. Bg2 Ng6 19. Rf1 ({White should try} 19. Ndxe4 $1 $14 dxe4 20. Rxe4) 19... Bd6 $11 20. Rxf8+ Qxf8 21. Nf1 {[#] Black must now prevent Bxd6.} Bxg3 22. Nxg3 Qc5 $36 {[%mdl 2048] Hoping for ...Nxc2+. Black fights for an advantage.} 23. Kh1 Rf8 24. Qg1 Qd6 (24... Qb6 $11 {remains equal.}) 25. Qxd4 $16 Qxg3 26. Ne2 $2 (26. Nxd5 $1 $14 {stays ahead.} cxd5 27. Qxd5+ {[%mdl 64] Double Attack} Kh8 28. Qxe4) 26... Qf2 $17 27. Qxf2 Rxf2 28. Bf1 Nh4 {Strongly threatening ...Nf3.} 29. Nd4 c5 30. Nf5 $2 {This costs White the game.} (30. Nb5 $17 {keeps fighting.}) 30... Nxf5 $19 31. gxf5 Rxc2 {[%mdl 4096] Endgame KRB-KR} 32. b4 $2 (32. Rd1 {was worth a try.} e3 33. Rxd5) 32... c4 33. Rd1 {[#]} e3 $1 34. Rxd5 e2 35. Bxe2 Rxe2 {KR-KR} 36. Rc5 b5 37. a3 a6 38. Kg1 Ra2 39. Rc8+ Kf7 40. Rc7+ (40. Rc6 $142) 40... Kf6 41. Rc6+ Kxf5 42. Rxa6 c3 {Accuracy: White = 50%, Black = 79%.} 0-1

[Event "19th Rochefort Open 2020"]
[Site "Rochefort"]
[Date "2020.02.24"]
[Round "4.3"]
[White "Vorobiov, Evgeny E."]
[Black "Jolly, Jean-Francois"]
[Result "1/2-1/2"]
[WhiteElo "2520"]
[BlackElo "2386"]
[Annotator "TA"]
[PlyCount "84"]
[EventDate "2020.02.22"]
[EventType "swiss"]
[EventCountry "FRA"]
[SourceTitle "playchess.com"]
[Source "ChessBase"]
[SourceQuality "1"]

{[%evp 9,84,24,22,12,24,16,41,31,52,0,5,6,0,2,19,19,27,27,57,37,35,33,24,29,43,20,15,27,20,16,19,18,19,20,111,60,35,0,-3,-13,-4,-22,-14,-95,-82,-97,-92,-110,-99,-120,-75,-95,16,20,27,31,28,13,18,31,38,0,15,14,26,32,58,23,33,0,0,0,0,0,0,0,0]} 1. c4 Nf6 2. Nc3 e5 3. Nf3 Nc6 4. e3 Be7 5. Qb3 O-O 6. Be2 {A28: English Opening: Four Knights Variation.} d6 7. O-O Nd7 {[#]} 8. Qc2 $146 {White is slightly better.} ({Predecessor:} 8. d4 exd4 9. exd4 Bf6 10. Be3 g6 11. Bh6 Bg7 12. Bxg7 Kxg7 13. Qd1 Nf6 14. h3 {1-0 (28) Jorgensen,B (2251)-Rasmussen,H (1757) Helsingor 2019}) 8... Nb6 9. a3 Be6 10. d3 f5 11. b4 Bf6 12. Bb2 Kh8 13. Nd2 g5 14. Rac1 g4 15. Rfe1 Bg7 16. Bf1 Qg5 17. Nb5 Rac8 18. d4 {Threatens to win with d5.} a6 19. d5 {[%mdl 64] Nc3 is the strong threat. Double Attack} axb5 20. dxe6 bxc4 21. Nxc4 Nd5 (21... Nxc4 $11 22. Bxc4 (22. Qxc4 Nd8 $11) 22... Ne7) 22. b5 ({White should play} 22. Red1 $16 Nde7 23. b5) 22... Nce7 $14 23. b6 cxb6 {aiming for ...b5.} 24. Qb3 Rc6 $36 {[%mdl 2048] Black is pushing.} 25. Rcd1 Qf6 26. Rd2 (26. a4 $1 $11) 26... Qxe6 $17 27. Red1 Rd8 $1 28. a4 {[#] With the idea Na3.} Nc7 $1 29. Ba3 {[%cal Ra3d6]} d5 30. a5 {[#]} Ra8 (30... b5 $1 $17 {[%cal Rb5c4]} 31. Nb6 d4 32. Qxe6 Rxe6 33. exd4 exd4) 31. Bxe7 Qxe7 32. Nxb6 Rxa5 33. Nxd5 Nxd5 34. Rxd5 Rxd5 35. Qxd5 Rc8 36. g3 Bf6 37. Rb1 Rc7 38. Bc4 {[%csl Gc4][%cal Rd5g8][%mdl 1024] White has compensation.} Qd8 $1 39. Qe6 Rc6 {The position is equal.} 40. Qf7 Rc7 41. Qe6 Rc6 $1 {[%cal Rc6e6]} 42. Qf7 Rc7 {Accuracy: White = 78%, Black = 76%.} 1/2-1/2

[Event "19th Rochefort Open 2020"]
[Site "Rochefort"]
[Date "2020.02.24"]
[Round "4.4"]
[White "Maiorov, Nikita"]
[Black "Besson, Bastien"]
[Result "1-0"]
[WhiteElo "2506"]
[BlackElo "2181"]
[Annotator "TA"]
[PlyCount "91"]
[EventDate "2020.02.22"]
[EventType "swiss"]
[EventCountry "FRA"]
[SourceTitle "playchess.com"]
[Source "ChessBase"]
[SourceQuality "1"]

{[%evp 20,91,34,42,42,27,52,0,0,-8,0,-9,0,-2,21,5,5,2,34,0,0,26,52,31,60,39,93,94,97,64,165,167,234,190,220,183,184,186,168,170,204,203,254,234,375,374,388,385,418,393,1019,911,866,829,800,790,748,728,689,518,593,556,561,555,756,737,708,570,565,557,29987,29988,29988,29987]} 1. d4 d6 2. c4 g6 3. Nf3 Bg7 4. Nc3 Nd7 5. g3 Ngf6 6. Bg2 O-O 7. O-O e5 8. e4 a6 9. Qc2 exd4 10. Nxd4 Re8 11. Rd1 Rb8 {E60: King's Indian: Unusual lines and Fianchetto Variation without Nc3.} 12. a4 Ne5 {[#]} 13. Qe2 $146 (13. c5 $1 $14) ({Predecessor:} 13. c5 Bd7 14. f4 Nc6 15. Nxc6 bxc6 16. cxd6 cxd6 17. Rxd6 Bf8 18. Rd2 Qb6+ 19. Kh1 {1-0 (48) Mielke,K (2559)-Boyd,S (2449) ICCF email 2009}) 13... c5 {The position is equal.} 14. Nc2 Bg4 15. f3 Be6 16. b3 Nc6 17. Rb1 Nd7 18. Qe1 Qe7 19. Be3 Nde5 20. Nd5 Qf8 21. Qd2 Red8 22. Kh1 h5 (22... b5 $14) 23. f4 $36 {[%mdl 2048] White is on the roll. White leaves nothing to chance now.} Ng4 24. Bg1 h4 (24... b6 $14) 25. gxh4 $18 Bxd5 (25... Ne7 $142 26. h5 Nxd5 27. cxd5 Bc8) 26. cxd5 Nd4 27. h3 Nf6 28. Nxd4 cxd4 29. Bf3 Qe7 30. Qg2 {Strongly threatening h5.} ({Resist} 30. Bxd4 $6 Nxe4 31. Qg2 Bxd4 $16) ({Much less strong is} 30. Qxd4 $6 Nh5 $16) 30... Kh7 31. Rxd4 Nh5 (31... b5 $142 32. axb5 Rxb5) 32. Bxh5 $1 gxh5 33. Rd3 Bh6 34. e5 Qxh4 $2 {[#]} (34... f5 35. exf6 Qxf6 36. Qe4+ Qg6) 35. Qe4+ Kh8 36. e6 Bg7 37. Qf3 fxe6 38. dxe6 Rf8 39. f5 Rbe8 {Black hopes to continue with ...Rxe6.} 40. Re3 Qg5 41. Rf1 Be5 42. Re4 Re7 {[#]} 43. Rxe5 $1 {[%mdl 512]} dxe5 44. Bc5 {[%mdl 64] Skewer} Ree8 45. Bxf8 Rxf8 46. f6 {Accuracy: White = 90%, Black = 42%.} 1-0

[Event "19th Rochefort Open 2020"]
[Site "Rochefort"]
[Date "2020.02.24"]
[Round "4.5"]
[White "Suarez Uriel, Adrian"]
[Black "Korneev, Oleg"]
[Result "0-1"]
[WhiteElo "2371"]
[BlackElo "2505"]
[Annotator "TA"]
[PlyCount "96"]
[EventDate "2020.02.22"]
[EventType "swiss"]
[EventCountry "FRA"]
[SourceTitle "playchess.com"]
[Source "ChessBase"]
[SourceQuality "1"]

{[%evp 11,96,33,31,37,22,22,34,20,43,-16,-14,-53,-48,-49,-68,-37,-35,-94,-74,-153,-142,-177,-175,-186,-116,-190,-179,-193,-65,-66,-57,-146,-108,-114,-123,-218,-122,-124,-118,-180,-168,-176,-143,-148,-151,-175,-102,-99,-132,-133,-114,-131,-115,-267,-57,-170,-143,-179,-172,-156,-146,-830,-794,-785,-708,-660,-343,-306,-318,-312,-261,-290,-256,-461,-379,-1473,-989,-29970,-29970,-29970,-29972,-29974,-29975,-29988,-29989,-29989,-29990]} 1. e4 c5 2. Nf3 Nc6 3. Nc3 e6 4. d4 cxd4 5. Nxd4 Qc7 6. Be3 a6 7. Qf3 {is recently more successful than 7.Qd2. Played by Liren Ding in September 2019. B48: Sicilian: Taimanov: 5 Nc3 Qc7 6 Be3 a6 without Be2.} Bd6 8. O-O-O Be5 $1 9. g3 {White is slightly better.} Nge7 {[#]} 10. Qg4 $146 (10. Qe2 $14) ({Predecessor:} 10. Qe2 O-O 11. f4 Bxd4 12. Bxd4 Nxd4 13. Rxd4 e5 14. Rd1 exf4 15. e5 f3 16. Qxf3 Qxe5 {1-0 (49) Caruana,F (2813)-Movsesian,S (2677) Douglas 2016}) 10... O-O $11 {White must now prevent ...Bxd4.} 11. f4 Bxd4 12. Bxd4 Nxd4 13. Rxd4 d5 {Hoping for ...e5.} 14. e5 (14. Qf3 $15) 14... b5 $17 15. h4 (15. Qh3 $142) 15... Nf5 16. Rd2 b4 17. Nb1 a5 ({Black should try} 17... d4 $19 18. Bd3 Bb7) 18. h5 (18. Bd3 $17) 18... h6 $19 19. Bd3 a4 ({Black should play} 19... d4 $19 20. Bxf5 exf5) 20. Bxf5 $1 $15 exf5 21. Qf3 (21. Qe2 $1 $15) 21... Be6 22. a3 Rab8 23. Rd4 (23. Rhd1 $17) 23... bxa3 (23... Rfc8 $19 {[%csl Gc8][%cal Rc7c2]} 24. Rh2 bxa3 25. Qxa3 Rb3) 24. Qxa3 $17 Rb3 $1 $40 {[%cal Rb3a3][%mdl 128] Black goes for the king.} 25. Qd6 (25. Qxa4 $17 Rfb8 26. Qa2) 25... Qa7 $19 26. Rhd1 Rxg3 27. Qb4 Ra8 28. Qe1 {[#]} a3 $1 {[%mdl 512]} 29. Nxa3 $17 Rxa3 30. bxa3 Qxa3+ 31. Kd2 Rc8 32. Qg1 $2 (32. Ke2 $17) 32... Qf3 $2 (32... Bd7 $1 $19 {[%cal Rd7a4] Strongly threatening ...Ba4.} 33. Rd3 Qb4+ 34. c3 Qxf4+ {[%mdl 64] Double Attack} 35. Qe3 Qh2+ 36. Qe2 Qh4) 33. Qh2 (33. Rc1 $15) 33... Qc3+ 34. Ke2 Qxc2+ 35. R1d2 Qb1 {...Bd7 is the strong threat.} 36. Kf2 $2 {[%mdl 8192]} (36. Rd1 $17 Qb3 37. Qf2) 36... Rc1 $19 37. Qg2 Rh1 38. Re2 Rxh5 39. Qg1 Qb6 40. Kg3 Kh7 41. Qe3 Rh1 ({But not} 41... Qd8 42. Rg2 $17) 42. Rd3 $2 (42. Kg2 Rh4 43. Qf2) 42... Qb1 {Threatens to win with ...Qf1.} ({Not} 42... Qd8 43. Rh2 $17) 43. Rg2 $2 (43. Rh2 Rg1+ 44. Rg2) 43... h5 44. Qe2 h4+ {Black mates.} 45. Kf2 g6 ({Worse is} 45... h3 46. Qh5+ Kg8 {[#]} 47. Rxg7+ $1 {[%mdl 512]} Kf8 48. Rg8+ $1 {[%mdl 512]} Ke7 49. Qh4+ Kd7 50. Qd8+ Kc6 51. Rc3+ Kb5 52. Qb8+ Ka4 53. Qa8+ Kb4 54. Qa3+ Kb5 55. Rb8# {[%mdl 64] Skewer}) 46. Rg5 Kg7 47. Rd2 Rh2+ {[%mdl 64] Skewer} 48. Rg2 Qb6+ {Accuracy: White = 41%, Black = 63%.} 0-1

[Event "19th Rochefort Open 2020"]
[Site "Rochefort"]
[Date "2020.02.25"]
[Round "5.1"]
[White "Van den Doel, Erik"]
[Black "Gareyev, Timur"]
[Result "1-0"]
[WhiteElo "2583"]
[BlackElo "2607"]
[Annotator "TA"]
[PlyCount "82"]
[EventDate "2020.02.22"]
[EventType "swiss"]
[EventCountry "FRA"]
[SourceTitle "playchess.com"]
[Source "ChessBase"]
[SourceQuality "1"]

{[%evp 15,82,42,52,43,84,45,97,39,52,41,56,39,142,137,157,136,158,164,160,165,274,273,272,260,276,273,380,385,515,519,495,475,501,354,385,299,265,193,221,220,224,204,189,194,200,208,205,200,193,193,233,247,508,504,490,506,481,451,485,474,1168,1150,1116,920,1159,1153,1455,1512,1618]} 1. e4 e5 2. Nf3 Nc6 3. Nc3 Nf6 4. d4 exd4 5. Nxd4 Bc5 6. Be3 Bb6 7. Qd2 O-O 8. O-O-O d6 9. f3 {C45: Scotch Game.} Be6 10. g4 {[#]} Nd7 $146 {[#]} ({Black should play} 10... Nxd4 $14 11. Bxd4 Bxd4 12. Qxd4 Nd7) ({Predecessor:} 10... Nxd4 11. Bxd4 Qe7 12. Be2 Rfd8 13. g5 Ne8 14. f4 f6 15. h4 c6 16. Bf3 Bc7 {1-0 (33) Sanal,S (1777)-Asan,E (1817) Konya 2012}) 11. h4 (11. Nf5 $1 $16) 11... Nde5 {Strongly threatening ...Nxd4.} 12. Be2 Nxd4 13. Bxd4 Nc6 {White now steadily converts the win.} (13... Bxd4 $14 14. Qxd4 Qf6) 14. Bxb6 $16 axb6 15. a3 Ra5 16. f4 f6 17. g5 f5 (17... Kh8 $142 18. Kb1 Bg8) 18. exf5 $18 Bxf5 19. Bc4+ Kh8 {[#]} 20. h5 $1 Qd7 21. h6 Rd8 22. Rde1 b5 23. Bxb5 Qf7 24. Qe3 Rf8 25. Bxc6 bxc6 26. Qe7 {Threatening mate with Qxf7.} Raa8 27. hxg7+ Kxg7 28. Rh6 Bg6 29. f5 Bxf5 30. Rf6 Qxe7 31. Rxe7+ Kg8 32. Rxf8+ Rxf8 33. Rxc7 Rc8 $2 (33... c5 {was necessary.} 34. Rc6 Bg6 35. Rxd6 Rf2) 34. Rxc8+ {White is clearly winning.} Bxc8 {[%mdl 4096] Endgame KB-KN} 35. Kd2 Kf7 36. Ke3 Bf5 37. a4 {[%cal Ba3a4,Ba4a5][%mdl 32]} Ke6 (37... Bc8 $142 38. b4 Ke6) 38. a5 Kd7 39. Ne4 Kc7 40. c3 c5 41. b4 cxb4 {Accuracy: White = 85%, Black = 27%.} 1-0

[Event "19th Rochefort Open 2020"]
[Site "Rochefort"]
[Date "2020.02.25"]
[Round "5.2"]
[White "Korneev, Oleg"]
[Black "Maiorov, Nikita"]
[Result "1/2-1/2"]
[WhiteElo "2505"]
[BlackElo "2506"]
[Annotator "TA"]
[PlyCount "49"]
[EventDate "2020.02.22"]
[EventType "swiss"]
[EventCountry "FRA"]
[SourceTitle "playchess.com"]
[Source "ChessBase"]
[SourceQuality "1"]

{[%evp 28,49,20,14,24,10,14,0,15,0,14,14,17,-18,-14,-14,-14,-14,-20,-22,-4,-19,0,0]} 1. e4 e5 2. Nf3 Nc6 3. Bb5 a6 4. Ba4 Nf6 5. O-O Be7 6. Re1 b5 7. Bb3 d6 8. c3 O-O 9. d4 Bg4 10. Be3 exd4 11. cxd4 Na5 12. Bc2 Nc4 13. Bc1 c5 14. b3 Nb6 15. Nbd2 Rc8 {C91: Closed Ruy Lopez: 7...d6 8 c3 0-0 9 d4.} 16. h3 Bh5 {The position is equal.} 17. Bb2 Nfd7 18. a4 bxa4 19. bxa4 cxd4 20. g4 {[#] Threatens to win with a5.} Bg6 21. a5 Nd5 {[#]} 22. exd5 $146 ({Predecessor:} 22. Nxd4 Nf4 23. Ne2 Bg5 24. Nxf4 Bxf4 25. Nf3 h5 26. Bb3 hxg4 27. hxg4 Qe7 28. Bd5 {½-½ (38) Sax,G (2570)-Balashov,Y (2550) Germany 1998}) 22... Bxc2 23. Qe2 {[%mdl 64] [#] Double Attack} Bf6 {And now ...d3 would win.} 24. Bxd4 Nc5 {aiming for ...Nd3.} 25. Ra3 {Not much happened in this game. Accuracy: White = 88%, Black = 100%.} 1/2-1/2